000 00685nam a22002177a 4500
005 20251014144806.0
008 251014b |||||||| |||| 00| 0 eng d
037 _cTB
040 _aCRL
_cCRL
041 _2BEN
_aBEN
084 _aY:351.275k 157P5
_bCRL
100 _aChakraborty, Barun Kumar
_9848263
245 _aBangiya loke sanskriti kosh
260 _aDelhi, India:
_bAparna Book Distributors,
_c2005.
300 _a624p.
365 _b400.00
_cINR
650 _aSociology
_9848264
650 _aFolklore
_9848265
942 _2CC
_cTB
_hY:351.275k 157P5
_n0
999 _c1464750
_d1464750